| 000 | 01097nam a2200301 a 4500 | ||
|---|---|---|---|
| 003 | CO-BoRNBP | ||
| 005 | 20241025093637.0 | ||
| 007 | ta | ||
| 008 | 130502s2006 ck a gr 00010 spa d | ||
| 020 | _a9789583399961 | ||
| 040 |
_aCO-BoBLA _bspa _cCO-BoBLA _erda |
||
| 043 | _as-ck--- | ||
| 082 | 0 | 4 |
_a371.00986 _bP73n11 _221 |
| 110 | 2 |
_aPremio Compartir al Maestro _cBogotá _943504 |
|
| 245 | 1 | 0 |
_aNuestros mejores maestros : _bexperiencias educativas ejemplares / _cPremio Compartir al Maestro. |
| 250 | _aPrimera edición | ||
| 264 | 4 |
_aBogotá, Colombia _bCompartir _c2006 |
|
| 300 |
_a103 p. : _bil. ; _c22 cm. |
||
| 336 |
_2rdacontenido _atexto _btxt |
||
| 337 |
_2rdamedio _asin mediación _bn |
||
| 338 |
_2rdasoporte _avolumen _bnc |
||
| 650 | 7 |
_aMaestros _z Colombia _x Premios _y 2005. _2BLAAUTO _943505 |
|
| 650 | 7 |
_aMaestros _z Colombia _x Premios _y 2005 _x Casos. _2BLAAUTO _943506 |
|
| 700 |
_aPulecio Guzmán, Gustavo _eGerente General _943507 |
||
| 700 |
_aFernández Vega, Alejandra _eDirectora Premio Compartir al Maestro _943508 |
||
| 942 |
_2ddc _cBK |
||
| 949 |
_ac _bc |
||
| 999 |
_c38511 _d38511 |
||